MARC details
| 001 - CONTROL NUMBER |
| control field |
22733090 |
| 003 - CONTROL NUMBER IDENTIFIER |
| control field |
0000 |
| 005 - DATE AND TIME OF LATEST TRANSACTION |
| control field |
20251013145836.0 |
| 008 - FIXED-LENGTH DATA ELEMENTS--GENERAL INFORMATION |
| fixed length control field |
220802s2022 nyu b 001 0 eng |
| 010 ## - LIBRARY OF CONGRESS CONTROL NUMBER |
| LC control number |
2022033846 |
| 020 ## - INTERNATIONAL STANDARD BOOK NUMBER |
| International Standard Book Number |
9781032285931 |
| 020 ## - INTERNATIONAL STANDARD BOOK NUMBER |
| International Standard Book Number |
9781032285931 |
| 035 ## - SYSTEM CONTROL NUMBER |
| System control number |
22733090 |
| 040 ## - CATALOGING SOURCE |
| Original cataloging agency |
DLC |
| Language of cataloging |
eng |
| Transcribing agency |
DLC |
| Description conventions |
rda |
| 042 ## - AUTHENTICATION CODE |
| Authentication code |
pcc |
| 050 00 - LIBRARY OF CONGRESS CALL NUMBER |
| Classification number |
GB 471 .A76 |
| 082 00 - DEWEY DECIMAL CLASSIFICATION NUMBER |
| Classification number |
304.20914/2 |
| Edition number |
23/eng20221013 |
| 100 1# - MAIN ENTRY--PERSONAL NAME |
| Personal name |
Armstrong, Justin, |
| Relator term |
author. |
| 245 10 - TITLE STATEMENT |
| Title |
Anthropology, islands, and the search for meaning in the Anthropocene / |
| Statement of responsibility, etc |
Justin Armstrong. |
| 260 ## - PUBLICATION, DISTRIBUTION, ETC. (IMPRINT) |
| Place of publication, distribution, etc |
New York : |
| Name of publisher, distributor, etc |
Routledge, |
| Date of publication, distribution, etc |
2023. |
| 263 ## - PROJECTED PUBLICATION DATE |
| Projected publication date |
2210 |
| 264 #1 - PUBLICATION, DISTRIBUTION, ETC. (IMPRINT) |
| Place of publication, distribution, etc |
New York : |
| Name of publisher, distributor, etc |
Routledge, |
| Date of publication, distribution, etc |
2023. |
| 300 ## - PHYSICAL DESCRIPTION |
| Extent |
xii, 66p. |
| 336 ## - CONTENT TYPE |
| Content type term |
text |
| Content type code |
txt |
| Source |
rdacontent |
| 337 ## - MEDIA TYPE |
| Media type term |
unmediated |
| Media type code |
n |
| Source |
rdamedia |
| 338 ## - CARRIER TYPE |
| Carrier type term |
volume |
| Carrier type code |
nc |
| Source |
rdacarrier |
| 490 0# - SERIES STATEMENT |
| Series statement |
Ocean and Island Studies |
| 504 ## - BIBLIOGRAPHY, ETC. NOTE |
| Bibliography, etc |
Includes bibliographical references and index. |
| 505 0# - FORMATTED CONTENTS NOTE |
| Formatted contents note |
Preface: Palm-of-the-Hand Ethnographies -- Arriving: An Introduction to Island Anthropology -- Wave Glossary: To and From Yap -- On Becoming an Ethnographic Ghost in the Faroe Islands -- Newfoundland: A Place Apart -- Iceland I: New Old Dreamworlds -- Iceland II: Come-From-Away -- Phantom Islands: Shorelines Without Water -- Hauntological Islands -- A Conclusion by Means of Describing Certain Lessons That Islands Have Taught Me -- Afterward: The Benefits of Thinking with Anthropology and Islands. |
| 520 ## - SUMMARY, ETC. |
| Summary, etc |
"Part ethnography, part memoir, and part critical reflection on the Anthropocene, this book examines the ways that islands form and inform human experiences of the everyday and the extraordinary. Utilizing carefully considered anthropological perspectives drawn from over a decade of anthropological fieldwork, the author employs islands as a complex set of lenses to examine the ways that we are intimately connected, separated, and divided from ourselves, one another, and the planet. Moving across time, place and disciplinary boundaries, this book traces a narrative route from the remote islands of Micronesia to the subarctic expanses of northern Iceland, all in service of gaining a deeper understanding of the cultural resonance of islands. This book offers the reader a type of ideological travel guide, one that exchanges restaurant reviews and hotel recommendations for pathways of reflection and new modes of seeing and being in the world. It will be of interest to scholars in the social sciences and humanities, and readers from human geography, cultural studies, sociology, philosophy and American studies"-- |
| Assigning source |
Provided by publisher. |
| 650 #0 - SUBJECT ADDED ENTRY--TOPICAL TERM |
| Topical term or geographic name as entry element |
Islands. |
| 650 #0 - SUBJECT ADDED ENTRY--TOPICAL TERM |
| Topical term or geographic name as entry element |
Anthropology. |
| 650 #0 - SUBJECT ADDED ENTRY--TOPICAL TERM |
| Topical term or geographic name as entry element |
Ethnology. |
| 776 08 - ADDITIONAL PHYSICAL FORM ENTRY |
| Relationship information |
Online version: |
| Main entry heading |
Armstrong, Justin. |
| Title |
Anthropology, islands, and the search for meaning in the Anthropocene |
| Place, publisher, and date of publication |
New York : Routledge, 2023 |
| International Standard Book Number |
9781003297581 |
| Record control number |
(DLC) 2022033847 |
| 906 ## - LOCAL DATA ELEMENT F, LDF (RLIN) |
| a |
7 |
| b |
cbc |
| c |
orignew |
| d |
1 |
| e |
ecip |
| f |
20 |
| g |
y-gencatlg |
| 942 ## - ADDED ENTRY ELEMENTS (KOHA) |
| Source of classification or shelving scheme |
Library of Congress Classification |
| Koha item type |
Books |